How to win world markets (Record no. 22216)

MARC details
000 -LEADER
fixed length control field 00258nam a2200109Ia 4500
082 ## - DEWEY DECIMAL CLASSIFICATION NUMBER
Classification number 339.1
Item number HIL
245 #0 - TITLE STATEMENT
Title How to win world markets
260 ## - PUBLICATION, DISTRIBUTION, ETC. (IMPRINT)
Place of publication Ottawa
Name of publisher Queen
Year of publication 1967
700 ## - ADDED ENTRY--PERSONAL NAME
Personal name Hill, Mary
942 ## - ADDED ENTRY ELEMENTS (KOHA)
Koha item type Books
Holdings
Withdrawn status Lost status Damaged status Not for loan Home library Current library Date acquired Source of acquisition Cost, normal purchase price Full call number Accession Number Koha item type
        RRII Library RRII Library 16/12/2021 Auction 2.50 339.1 HIL 02938 Books